000 01561nam a22001457a 4500
999 _c523625
_d523625
008 230915b ||||| |||| 00| 0 eng d
100 _aChandra, A., Coile, C. and Mommaerts, C.
_943705
245 _aWhat can economics say about Alzheimer’s disease?
260 _aJournal Economic Literature
300 _a 62(2), Jun, 2023: p.428-470
520 _aAlzheimer's disease (AD) affects one in ten people aged 65 or older and is the most expensive disease in the United States. We describe the central economic questions raised by AD. Although there is overlap with the economics of aging and health, the defining feature of the "economics of Alzheimer's disease" is an emphasis on choice by cognitively impaired patients that affects health and financial well-being, and situations in which dynamic contracts between patients and caregivers are useful but difficult to enforce. A focus on innovation in AD prevention, treatment, and care is also critical given the enormous social cost of AD and present lack of understanding of its causes, which raises questions of optimal resource allocation and alignment of private and social incentives. The enormous scope for economists to contribute to our understanding of AD-related issues including drug development, efficient care delivery, dynamic contracting, long-term care risk, financial decision-making, and the design of public programs for AD suggests a rich research program for many areas of economics.- Reproduced
773 _aJournal Economic Literature
906 _aHEALTH SERVICES
942 _cAR